| 000 | 00573nam a2200205Ia 4500 | ||
|---|---|---|---|
| 005 | 20250508150553.0 | ||
| 008 | 008 250505s9999 xx 000 0 hin d | ||
| 037 | _aTextual | ||
| 040 |
_aFEDL _beng _cFEDL |
||
| 041 |
_ahin _2hin |
||
| 084 |
_a491.43, GAN _qFEDL |
||
| 100 | _aGandhi Mohandas Karamchand | ||
| 245 | 0 | _aRashtrabhasha hindusthani | |
| 260 |
_aAhmedabad, India _bNavajivan Publishing House _c1947 |
||
| 300 | _axi, 224p. | ||
| 365 |
_aINR _b1.5 |
||
| 650 | _aHindi language | ||
| 942 |
_cTEXL _h491.43, GAN |
||
| 999 |
_c1324321 _d1324321 |
||